Understanding Urban Vulnerability, Resilience and Adaptation: a Conceptual Framework

Článok predstavuje komplexné preskúmanie konceptov zraniteľnosti, odolnosti a adaptácie v rámci mestského prostredia, pričom sa zaoberá ich dôležitosťou vzhľadom na stupňujúce sa dopady klimatických zmien a iných mestských stresov. Ich prehľad syntetizuje celý rad pohľadov z literatúry, poskytujúci...

Descrizione completa

Salvato in:
Dettagli Bibliografici
Autore principale: Tóth, Veronika
Altri autori: Šebová, Miriam
Natura: Capitolo di libro
Lingua:inglese
Soggetti:
Tags: Aggiungi Tag
Nessun Tag, puoi essere il primo ad aggiungerne!!

MARC

LEADER 00000naa a2200000 4500
001 0304649
005 20241017141013.0
041 0 |a eng 
044 |a SK 
245 1 0 |a Understanding Urban Vulnerability, Resilience and Adaptation: a Conceptual Framework  |c Veronika Tóth, Miriam Šebová 
520 |a Článok predstavuje komplexné preskúmanie konceptov zraniteľnosti, odolnosti a adaptácie v rámci mestského prostredia, pričom sa zaoberá ich dôležitosťou vzhľadom na stupňujúce sa dopady klimatických zmien a iných mestských stresov. Ich prehľad syntetizuje celý rad pohľadov z literatúry, poskytujúci podrobný popis teoretických rámcov a praktických aplikácií týchto konceptov. 
610 2 0 |a mestá 
610 2 0 |a adaptácia 
610 2 0 |a zmeny klimatické 
610 2 0 |a analýzy 
610 2 0 |a stresy 
100 1 |a Tóth, Veronika 
700 1 |a Šebová, Miriam